<?xml version="1.0" encoding="UTF-8"?>
<record
    xmlns:xsi="http://www.w3.org/2001/XMLSchema-instance"
    xsi:schemaLocation="http://www.loc.gov/MARC21/slim http://www.loc.gov/standards/marcxml/schema/MARC21slim.xsd"
    xmlns="http://www.loc.gov/MARC21/slim">

  <leader>01867nam a22002657a 4500</leader>
  <controlfield tag="003">DO-SdBNP</controlfield>
  <controlfield tag="005">20210419134756.0</controlfield>
  <controlfield tag="008">210312b1999   dr  00| 0 spa d</controlfield>
  <datafield tag="020" ind1=" " ind2=" ">
    <subfield code="a">8492184566</subfield>
  </datafield>
  <datafield tag="040" ind1=" " ind2=" ">
    <subfield code="a">BPMSU</subfield>
    <subfield code="b">spa</subfield>
    <subfield code="c">BPMSU</subfield>
  </datafield>
  <datafield tag="082" ind1=" " ind2=" ">
    <subfield code="a">338.97293 </subfield>
    <subfield code="b">S194p,1999</subfield>
    <subfield code="2">22</subfield>
  </datafield>
  <datafield tag="100" ind1="1" ind2=" ">
    <subfield code="a">San Miguel, Pedro L                                                                                                                        </subfield>
  </datafield>
  <datafield tag="245" ind1="1" ind2="3">
    <subfield code="a">El pasado relegado:</subfield>
    <subfield code="b">estudios sobre la historia agraria dominicana /</subfield>
    <subfield code="c">Pedro L. San Miguel </subfield>
  </datafield>
  <datafield tag="260" ind1=" " ind2=" ">
    <subfield code="a">Santo Domingo :</subfield>
    <subfield code="b">Librer&#xED;a la Trinitaria ;</subfield>
    <subfield code="b">Facultad Latinoamericana de Ciencia Sociales </subfield>
    <subfield code="c">1999.</subfield>
  </datafield>
  <datafield tag="300" ind1=" " ind2=" ">
    <subfield code="a">304 p.;</subfield>
    <subfield code="c">21 cm.</subfield>
  </datafield>
  <datafield tag="500" ind1=" " ind2=" ">
    <subfield code="a"> </subfield>
  </datafield>
  <datafield tag="504" ind1=" " ind2=" ">
    <subfield code="a">Bibliograf&#xED;a : p. 278 -304. </subfield>
  </datafield>
  <datafield tag="505" ind1=" " ind2=" ">
    <subfield code="a">El pasado relegado: Una mirada a la historia agraria dominicana  -- Las sociedades campesinas antillanas: Un contrapunteo entre Puerto Rico y la Rep&#xFA;blica Dominicana -- Campesinado y agricultura comercial en el Cibao, 1900-1960 -- Crisis econ&#xF3;mica e intervenci&#xF3;n estatal: El plan de valorizaci&#xF3;n del tabaco en los a&#xF1;os treinta -- El Leviat&#xE1;n dominicano y el campesinado: Una perspectiva hist&#xF3;rico-social -- Las luchas campesinas en la Rep&#xFA;blica Dominicana durante el siglo XX -- Exacci&#xF3;n estatal y resistencias campesinas en el Cibao durante la ocupaci&#xF3;n de 1916-24 -- Entre el agrarismo oficial y el agrarismo campesino: la lucha por la tierra, 1968-78.</subfield>
  </datafield>
  <datafield tag="590" ind1=" " ind2=" ">
    <subfield code="6">Inventariado 2021/ MC.</subfield>
  </datafield>
  <datafield tag="650" ind1=" " ind2="4">
    <subfield code="a">Campesinos                                                                                                                                                                 </subfield>
    <subfield code="z">Rep&#xFA;blica Dominicana </subfield>
    <subfield code="x">Historia       </subfield>
  </datafield>
  <datafield tag="650" ind1=" " ind2="4">
    <subfield code="a">Agricultura </subfield>
    <subfield code="x">Aspectos econ&#xF3;micos</subfield>
    <subfield code="z">Rep&#xFA;blica Dominicana </subfield>
  </datafield>
  <datafield tag="650" ind1=" " ind2="4">
    <subfield code="a">Agricultura y Estado </subfield>
    <subfield code="z">Rep&#xFA;blica Dominicana.</subfield>
  </datafield>
  <datafield tag="910" ind1=" " ind2=" ">
    <subfield code="a">MCabrera / VMateo</subfield>
  </datafield>
  <datafield tag="942" ind1=" " ind2=" ">
    <subfield code="2">ddc</subfield>
    <subfield code="c">BK</subfield>
  </datafield>
  <datafield tag="952" ind1=" " ind2=" ">
    <subfield code="0">0</subfield>
    <subfield code="1">0</subfield>
    <subfield code="2">ddc</subfield>
    <subfield code="4">0</subfield>
    <subfield code="7">0</subfield>
    <subfield code="8">CD</subfield>
    <subfield code="a">BPMET</subfield>
    <subfield code="b">BPMET</subfield>
    <subfield code="d">2021-03-12</subfield>
    <subfield code="e">Compra</subfield>
    <subfield code="o">BPMSU CD 338.97293  S194p 1999</subfield>
    <subfield code="p">BPMSU21030020</subfield>
    <subfield code="r">2021-03-12</subfield>
    <subfield code="w">2021-03-12</subfield>
    <subfield code="y">BK</subfield>
  </datafield>
  <datafield tag="952" ind1=" " ind2=" ">
    <subfield code="0">0</subfield>
    <subfield code="1">0</subfield>
    <subfield code="2">ddc</subfield>
    <subfield code="4">0</subfield>
    <subfield code="7">0</subfield>
    <subfield code="8">CD</subfield>
    <subfield code="a">BPMET</subfield>
    <subfield code="b">BPMET</subfield>
    <subfield code="d">2021-03-12</subfield>
    <subfield code="e">Compra</subfield>
    <subfield code="o">BPMSU CD 338.97293  S194p 1999</subfield>
    <subfield code="p">BPMSU21030021</subfield>
    <subfield code="r">2021-03-12</subfield>
    <subfield code="t">e.2</subfield>
    <subfield code="w">2021-03-12</subfield>
    <subfield code="y">BK</subfield>
  </datafield>
  <datafield tag="952" ind1=" " ind2=" ">
    <subfield code="0">0</subfield>
    <subfield code="1">0</subfield>
    <subfield code="2">ddc</subfield>
    <subfield code="4">0</subfield>
    <subfield code="7">0</subfield>
    <subfield code="8">CD</subfield>
    <subfield code="a">BPMET</subfield>
    <subfield code="b">BPMET</subfield>
    <subfield code="d">2021-03-12</subfield>
    <subfield code="e">Compra</subfield>
    <subfield code="o">BPMSU CD 338.97293  S194p 1999</subfield>
    <subfield code="p">BPMSU21030022</subfield>
    <subfield code="r">2021-03-12</subfield>
    <subfield code="t">e.3</subfield>
    <subfield code="w">2021-03-12</subfield>
    <subfield code="y">BK</subfield>
  </datafield>
  <datafield tag="999" ind1=" " ind2=" ">
    <subfield code="c">13393</subfield>
    <subfield code="d">13393</subfield>
  </datafield>
</record>
